000 01496cam a2200361 a 4500
001 15681003
003 OSt
005 20140310182649.0
008 090331s2010 nyua b 000 0 eng
010 _a 2009013143
020 _a9780446540025 (alk. paper)
020 _a0446540021 (alk. paper)
035 _a(OCoLC)ocn318242679
040 _aDLC
_cDLC
_dYDX
_dCDX
_dYDXCP
_dNPL
_dVP@
_dMOF
_dDLC
050 0 0 _aPN 1991.55
_b.M534 2010
082 0 0 _aM 302.3
_2M52 2010
100 1 _aMenaker, Daniel.
245 1 2 _aA good talk :
_bthe story and skill of conversation
_cMenaker, Daniel
250 _a1st ed.
260 _aNew York :
_bTwelve,
_c2010.
300 _avii, 230 p. :
_bill. ;
_c22 cm.
504 _aIncludes bibliographical references.
505 0 _aOpening remarks -- Talking history -- Survey, discovery, risks, and roles -- Liebe und arbeit (but, to be honest, really just the rest of chapter 3) -- FAQs (Frequently Arising Quandries) -- CHI -- After words.
520 _a"A stylish, funny and surprising guide to the art of conversation"--Provided by the publisher.
521 _aHigh School to College Students
526 _c0L-1700L
541 _j1
562 _eFor circulation. 1 copy available in the collection
650 0 _aConversation analysis.
906 _a7
_bcbc
_corignew
_d1
_eecip
_f20
_gy-gencatlg
942 _2lcc
_cBK
_kM
999 _c15087
_d15087